=LDR 00000nam 2200000 4500 =001 INLIS000000000003523 =005 20130612091826 =008 ***********************************Ind** =035 ##$$0010-061300000003523 =041 ##$$a Ind =082 ##$$a 610.73 =090 ##$$a 610.73, Bou i =100 ##$$a Bouwhuizen, M =245 ##$$a Ilmu keperawatan, M.Bouwhuizen; alih bahasa, Med.Moelia Radja Siregar =260 ##$$a 1993 $b Jakarta =300 ##$$a ... jil., ilus., 24 cm =650 ##$$a Perawat dan Keperawatan =700 ##$$a siregar, Med.Mulia Raja =850 ##$$a NBPNMAT